Физический практикум. Ч. 1. Механика. Молекулярная физика. Термодинамика: учебное пособие

Dettagli Bibliografici
Ente Autore: Национальный исследовательский Томский политехнический университет
Altri autori: Чернов И. П. Иван Петрович, Ларионов В. В. Виталий Васильевич, Веретельник В. И. Владимир Иванович, Тюрин Ю. И. Юрий Иванович
Riassunto:В данном учебном пособии приведены методические указания к лабораторным работам I части курса физики. Обучение построено по принципу информационных технологий прямого доступа. Каждое указание содержит 25 вопросов, что позволяет компьютеризировать систему допуска и защиты выполненных работ и способствует обучению инновационным технологиям первых этапов изучения физики. Пособие содержит методические указания к 14 лабораторным работам. Для студентов, бакалавров и магистров технических университетов.
Lingua:russo
Pubblicazione: Томск, Изд-во ТПУ, 2012
Soggetti:
Natura: MixedMaterials Libro
KOHA link:https://koha.lib.tpu.ru/cgi-bin/koha/opac-detail.pl?biblionumber=217802

MARC

LEADER 00000nam0a2200000 4500
001 217802
005 20250917071651.0
010 |a 9785438701217 
035 |a (RuTPU)RU\TPU\book\237805 
035 |a RU\TPU\book\80633 
090 |a 217802 
100 |a 20120608d2012 m y0rusy50 ca 
101 0 |a rus 
102 |a RU 
105 |a a j 001zy 
200 1 |a Физический практикум. Ч. 1. Механика. Молекулярная физика. Термодинамика  |e учебное пособие   |f И. П. Чернов [и др.]  |g Национальный исследовательский Томский политехнический университет (ТПУ) 
210 |a Томск  |c Изд-во ТПУ  |d 2012 
215 |a 159 с.  |c ил. 
320 |a Библиография: с. 158. 
330 |a В данном учебном пособии приведены методические указания к лабораторным работам I части курса физики. Обучение построено по принципу информационных технологий прямого доступа. Каждое указание содержит 25 вопросов, что позволяет компьютеризировать систему допуска и защиты выполненных работ и способствует обучению инновационным технологиям первых этапов изучения физики. Пособие содержит методические указания к 14 лабораторным работам. Для студентов, бакалавров и магистров технических университетов. 
452 1 |0 (RuTPU)RU\TPU\book\254354  |t Ч. 1: Механика. Молекулярная физика. Термодинамика  |d 2012 
606 1 |a Физика  |2 stltpush  |3 (RuTPU)RU\TPU\subj\63709  |9 80688 
610 1 |a движение 
610 1 |a погрешности 
610 1 |a вычисления 
610 1 |a инерция 
610 1 |a измерения 
610 1 |a лабораторные работы 
610 1 |a учебные пособия 
610 1 |a труды учёных ТПУ 
675 |a 53(076.5)  |v 3 
701 1 |a Чернов  |b И. П.  |c физик  |c профессор Томского политехнического университета, доктор физико-математических наук  |f 1935-2025  |g Иван Петрович  |x TPU  |y Томск  |9 3694 
701 1 |a Ларионов  |b В. В.  |c физик  |c профессор Томского политехнического университета, доктор педагогических наук  |f 1945-  |g Виталий Васильевич  |9 11273 
701 1 |a Веретельник  |b В. И.  |c физик  |c доцент Томского политехнического университета, кандидат физико-математических наук  |f 1945-  |g Владимир Иванович  |9 14168 
701 1 |a Тюрин  |b Ю. И.  |c физик  |c профессор Томского политехнического университета, доктор физико-математических наук  |f 1950-  |g Юрий Иванович  |9 7810 
712 0 2 |a Национальный исследовательский Томский политехнический университет  |c (2009- )  |9 26305 
801 1 |a RU  |b 63413507  |c 20050329  |g PSBO 
801 2 |a RU  |b 63413507  |c 20221205  |g PSBO 
850 |a 63413507 
942 |c BK